<?xml version="1.0" encoding="UTF-8"?>
<collection xmlns="http://www.loc.gov/MARC21/slim">
 <record>
  <leader>01404nam a2200193Ia 4500</leader>
  <controlfield tag="001">CTU_138997</controlfield>
  <controlfield tag="008">210402s9999    xx            000 0 und d</controlfield>
  <datafield tag="082" ind1=" " ind2=" ">
   <subfield code="a">633.51</subfield>
  </datafield>
  <datafield tag="082" ind1=" " ind2=" ">
   <subfield code="b">C455</subfield>
  </datafield>
  <datafield tag="110" ind1=" " ind2=" ">
   <subfield code="a">Công ty Bông Việt Nam</subfield>
  </datafield>
  <datafield tag="245" ind1=" " ind2="0">
   <subfield code="a">Kết quả nghiên cứu khoa học 1997 - 2000</subfield>
  </datafield>
  <datafield tag="245" ind1=" " ind2="0">
   <subfield code="c">Công ty Bông Việt Nam. Trung tâm Nghiên cứu cây Bông</subfield>
  </datafield>
  <datafield tag="260" ind1=" " ind2=" ">
   <subfield code="a">Thành phố Hồ Chí Minh</subfield>
  </datafield>
  <datafield tag="260" ind1=" " ind2=" ">
   <subfield code="b">Nông nghiệp</subfield>
  </datafield>
  <datafield tag="260" ind1=" " ind2=" ">
   <subfield code="c">2000</subfield>
  </datafield>
  <datafield tag="520" ind1=" " ind2=" ">
   <subfield code="a">Nội dung chủ yếu của cuốn sách là giới thiệu kết quả một số công trình nghiên cứu chính, đặc biệt trong 10 năm 19860- 1996, của Trung tâm Nghiên cứu cây Bông trong các lĩnh vực chọn tạo giống bông, bảo vệ thực vật, nông hoá - thổ nhưỡng và kỹ thuật canh tác bông. Ngoài ra còn giới thiệu một số kết quả nghiên cứu nho, lúa, đậu xanh, phục vụ cho sản xuất ở Ninh Thuận. Những bài viết được trình bày dưới dạng tổng hợp các kết quả nghiên cứu của nhiều thí nghiệm theo từng mảng đề tài trong mỗi lĩnh vực.</subfield>
  </datafield>
  <datafield tag="650" ind1=" " ind2=" ">
   <subfield code="a">Cotton,Fiber plants</subfield>
  </datafield>
  <datafield tag="904" ind1=" " ind2=" ">
   <subfield code="i">Duy Bằng</subfield>
  </datafield>
  <datafield tag="980" ind1=" " ind2=" ">
   <subfield code="a">Trung tâm Học liệu Trường Đại học Cần Thơ</subfield>
  </datafield>
 </record>
</collection>
